00763nam a2200205Ia 4500003000900000008004100009020001800050040001600068080002200084245011300106260003800219300001500257650004100272650004100313650003800354700003600392942000700428999001500435952010700450IN-BaIIA211028s9999 xx 000 0 eng d a0-89490-066-8 cIIA Library a524.3(035)bJON-5 0aWebb society deep-sky observer's handbookcedited by Kenneth Glyn Jones  aHillsidebEnslow Publishersc1982 axiv, 241p. aAstronomy and Astrophysics Thesaurus aHandbooks-Extragalatic System912628 aHandbooks-Sky Observations912629 aJones, Kenneth Glyn, ed.912455 cBK c7367d7367 00104070aBANbBANcGENd1983-06-21l0o524.3(035)/ JON-5p8176r2021-11-05w1983-06-21yBKG£ 8.50